000 00854nam a2200229 a 4500
001 000041628
005 20201002035656.0
008 131014s1996 sp 001 0 spa d
020 _a8481641081
040 _aDO-SdBNP
_bspa
_cBNPHU
245 0 0 _aFilosofía Política II :
_bteoría del estado /
_cedición de Elías Díaz y Alfonso Ruiz Miguel.
260 _aMadrid :
_bConsejo Superior de Investigaciones Científicas,
_c1996.
300 _a272 p. ;
_c24 cm.
490 1 _aEnciclopedia Iberoaméricana de Filosofía
_v10
500 _aIncluye índice
504 _aBibliografía :
505 _av. 2
_tTeoría del Estado
700 1 _aDíaz, Elías,
_eed.
_919288
700 1 _aRuiz Miguel, Alfonso,
_eed.
_968411
710 2 _aConsejo Superior de Investigaciones Científicas
_94786
830 0 _aEnciclopedia Iberoaméricana de Filosofía
_v10
_915735
999 _c41118
_d41118